000 00433nab a2200145Ia 4500
003 ES-SlBCS
005 20210601133932.0
008 140529s1997 xxu||||| |||| 00| 0 por d
041 _apor
100 1 _aTrevisan, Rubens Muríllio
_9211385
245 0 0 _aO Significado humano da simpatia
_c Rubens Muríllio Trevisan
650 0 4 _aSimpatía
_9132810
773 0 _tSintese
_gvol. 24, nº. 77, 1997, págs. 251-160
_wRev973
942 _cAR
999 _c604432
_d604432